Tratado de Psiquiatría. (Registro nro. 694)

Detalles MARC
000 -LEADER
fixed length control field 01502 am a2200289 a 4500
005 - FECHA ULTIMA MODIFICACION
control field 20240701100927.0
008 - CAMPO DE CONTROL (LIBRO)
fixed length control field 100903s1996||||ag a f |||| 001 0 spa d
020 ## - INTERNATIONAL STANDARD BOOK NUMBER
ISBN 9879165012
041 ## - CODIGO DE IDIOMA
Código de idioma del texto/pista de sonido o título separado spa
092 ## - SIGNATURA TOPOGRAFICA DEWEY LOCAL
número de clasificación 616.89
libristica 95
sección WER
100 1# - ENTRADA PRINCIPAL--NOMBRE PERSONAL
Nombre personal Wernicke, Carl.
9 (RLIN) 1411
245 ## - TITULO PROPIAMENTE DICHO
Título Tratado de Psiquiatría.
Subtítulo y Título paralelo Grundiss der Psychiatrie /
Mención de responsabilidad y remanente de la transcripción de la portada Carl Wernicke.
250 ## - MENCION DE EDICION
Mención de edición 1a ed. en español de la obra original en alemán
Mención de responsabilidad relacionada con la ed. Traducción Diego Luis Outes y José Victor Tabasso con la colaboración de Ursula Maier. Primera traducción completa aun idioma extranjero. Le precede una introducción sobre la obra y conceptos psicofisiológicos de Carl Wernicke, y finaliza con las clasificaciones de las Psicosis Endógenas de Carl Wernicke- Karl Kleist- Karl Leonhard.
260 ## - PIE DE IMPRENTA
Lugar de publicación, distribución, etc Buenos Aires:
Nombre de la editorial, distribuidor, etc Polemos;
Fecha de publicación 1996.
300 ## - DESCRIPCION FISICA
Extension 614 p.
500 ## - NOTA GENERAL
Nota general Wernicke, C. (1996). Tratado de Psiquiatría. Grundiss der Psychiatrie. (1a ed.) Buenos Aires : Polemos.
590 ## - NOTAS LOCALES (RLIN)
Nota local Colección Clásicos de la Psiquiatría bajo la dirección de Juan Carlos Stagnaro.
653 ## - TÉRMINO INDIZADO - PALABRAS CLAVES
Palabra clave Afasias
653 ## - TÉRMINO INDIZADO - PALABRAS CLAVES
Palabra clave Ideas psiquiátricas fundamentales de C. Wernicke
653 ## - TÉRMINO INDIZADO - PALABRAS CLAVES
Palabra clave Anexo histórico-geográfico
653 ## - TÉRMINO INDIZADO - PALABRAS CLAVES
Palabra clave Introducción psicofisiológica
653 ## - TÉRMINO INDIZADO - PALABRAS CLAVES
Palabra clave Estados paranoicos
653 ## - TÉRMINO INDIZADO - PALABRAS CLAVES
Palabra clave Psicosis agudas y estados defectuales
653 ## - TÉRMINO INDIZADO - PALABRAS CLAVES
Palabra clave Clasificación de las enfermedades mentales según: Carl Wernicke (1848-1905) ; Karl Kleist (1879-1960) ; Karl Leonhard (1904-1988)
930 ## - NUMERO DE INVENTARIO
Número de inventario 769
942 ## - ADDED ENTRY ELEMENTS (KOHA)
Source of classification or shelving scheme Dewey Decimal Classification
Item type Libros
Existencias
Estado de retiro Existencia Fuente de clasificación Estado general No para prestamo Colección Ubicación permanente ubicación actual Sala de ubicación Fecha de adquisición Total Checkouts Número de clasificación Código de barras Date last seen Número de ejemplar Price effective from Koha tipo de elemento (item) Public note
    Dewey Decimal Classification     Reference Biblioteca Medicina Biblioteca Medicina Referencia 13/05/2011   616.89 95 WER 769 06/11/2014 ej.1 13/05/2011 Reference LIBRO DE CONSULTA

UNIVERSIDAD NACIONAL DEL COMAHUE
Biblioteca de la Facultad de Ciencias Médicas
Sede Toschi: Los Arrayanes y Av. Toschi, Cipolletti  - Rio Negro
Sede Los Tordos:  Yrigoyen al 2211, Cipolletti - Rio Negro 

Teléfono: 0299 - 4774707 int 25
Contacto: biblioteca@facimed.uncoma.edu.ar
© 2011 - 2026